000
00275nam a2200097Ia 4500
082
_a
362. 20968 PSYC
245
0
_a
Psychopathology and social prejudice
100
_a
Hook, Derek ** Cape Town, 2R2 ** *
_9
88678
942
_c
BK
008
210817s9999 xx 000 0 und d
999
_c
358107
_d
358106